[Event "Saarland-ch C"]
[Site "Saarlouis Steinrausch"]
[Date "2005.03.24"]
[Round "7"]
[White "Assaf, Amir"]
[Black "Herrmann, Klaus"]
[Result "1-0"]
[WhiteElo "1452"]
[BlackElo "1474"]
[PlyCount "97"]
[EventDate "2005.03.18"]
[EventType "swiss"]
[EventRounds "9"]
[EventCountry "GER"]
[SourceTitle "EXT 2012"]
[Source "ChessBase"]
[SourceDate "2011.11.24"]
[SourceVersion "1"]
[SourceVersionDate "2011.11.24"]
[SourceQuality "1"]

1. e4 e5 2. f4 Qh4+ 3. g3 Qe7 4. d3 Nc6 5. Nf3 d6 6. Nc3 Nf6 7. Bg2 a6 8. 0-0 Bd7 9. fxe5 dxe5 10. Bg5 0-0-0 11. Bxf6 gxf6 12. Nd2 Be6 13. Nb3 h5 14. Qf3 Rh6 15. Rad1 h4 16. gxh4 Qd7 17. Na4 Be7 18. Nac5 Bxc5+ 19. Nxc5 Qd4+ 20. Qf2 Qxf2+ 21. Rxf2 Rg8 22. Nxe6 fxe6 23. Rdf1 Rgg6 24. Kh1 Kd7 25. c3 Ke7 26. Bf3 Rh8 27. h5 Rgh6 28. Rg1 R6h7 29. Rfg2 Kf7 30. Rg6 Ne7 31. R6g2 f5 32. exf5 exf5 33. Bxb7 Rxh5 34. Bxa6 f4 35. Bc4+ Kf8 36. a4 Nf5 37. Rg8+ Rxg8 38. Rxg8+ Ke7 39. Kg1 Ne3 40. Rg7+ Kd6 41. Bf7 Rh3 42. b4 Rf3 43. Kh1 Rf1+ 44. Rg1 Rf2 45. a5 Rd2 46. a6 Kc6 47. a7 Ra2 48. Bxa2 Kb7 49. Rg5 1-0